000 00452nam a2200181Ia 4500
001 4151
005 20260306145734.0
008 260306t2008||||xx |||||||||||||| ||spa||
041 _aESP
082 _a306.98
_bB22
100 _aBanco Interamericano de Desarrollo
_eAUT
245 0 _aCalidad de vida:
_bmás allá de los hechos
260 _c2008
300 _a290 páginas :
_c23 cm.
650 _aGEN
654 _aCED
942 _cLIB
_dJUS
_fJUS
_2ddc
_n
999 _c4151
_d4151